| 000 | 00701nam a22002537a 4500 | ||
|---|---|---|---|
| 001 | 35324 | ||
| 003 | UA-OsUOA | ||
| 005 | 20200225164240.0 | ||
| 007 | ta | ||
| 008 | 20051122b un ||||| |||| 00| 0 ukr d | ||
| 020 | _a9665745867 | ||
| 040 |
_aUA-OsUOA _bukr _cUA-OsUOA _dUA-OsUOA |
||
| 041 | _aukr | ||
| 080 | _a316.77:37 | ||
| 090 |
_a316.77:37 _bБ93 |
||
| 100 | _aБутенко Н. Ю. | ||
| 245 |
_aКомунікативні процеси у навчанні _bпідручник |
||
| 260 |
_aК. _bКНЕУ _c2004 |
||
| 300 | _a383 с. | ||
| 650 | 7 |
_a316 Соціологія _2UDC |
|
| 942 |
_cBK _2udc |
||
| 955 | _a2 | ||
| 999 |
_c321687 _d321687 |
||